Most Vitamin C Fruits Quiz Stats

 Plays Quiz not verified by Sporcle

Challenge
Share
Tweet
Embed
Score 0/30 Timer 10:00
0 Plays Today
USDA Recommended Daily Value Fruit % Correct
75% Daily ValueOrange
97.7%
8% Daily ValueApple
92.7%
18% Daily ValueGrape
89.4%
15% Daily ValueBanana
86.9%
37% Daily ValueStrawberry
83.3%
88% Daily ValueLemon
81.5%
17% Daily ValueBlueberry
79%
48% Daily ValueLime
72.5%
98% Daily ValueRaspberry
70.2%
7% Daily ValuePear
70%
56% Daily ValueGrapefruit
69.4%
60% Daily ValuePineapple
69.2%
11% Daily ValuePeach
67.5%
46% Daily ValueMango
65%
155% Daily ValueKiwifruit
58.8%
USDA Recommended Daily Value Fruit % Correct
12% Daily ValueCherry
57.3%
16% Daily ValuePlum
54.8%
14% Daily ValueWatermelon
53.8%
35% Daily ValueBlackberry
53.3%
103% Daily ValuePapaya
40.2%
61% Daily ValueCantaloupe
39%
16% Daily ValueCranberry
38.3%
2% Daily ValueApricot
35.4%
57% Daily ValueStarfruit
34.4%
10% Daily ValuePomegranate
32.9%
628% Daily ValueGuava
32.1%
2% Daily ValueFig
18.8%
302% Daily ValueBlackcurrant
13.5%
13% Daily ValuePersimmon
10.6%
25% Daily ValueQuince
7.3%

You're not logged in!

Compare scores with friends on all Sporcle quizzes.
Join for Free
OR
Log In

You Might Also Like...

Show Comments

Extras

Top Quizzes Today


Score Distribution

Your Account Isn't Verified!

In order to create a playlist on Sporcle, you need to verify the email address you used during registration. Go to your Sporcle Settings to finish the process.

Report this User

Report this user for behavior that violates our Community Guidelines.

Details: